Sports Quiz

Random Sports Quiz

Played in the EPL for Bournemouth and..... Quiz Stats

 Plays Quiz not verified by Sporcle

Challenge
Share
Tweet
Embed
Score 0/48 Timer 05:00
0 Plays Today
Other Club Player % Correct
Aston VillaNone
100%
BarnsleyNone
100%
Birmingham CityNone
100%
Blackburn RoversNone
100%
BlackpoolNone
100%
Bradford CityNone
100%
BurnleyNone
100%
Cardiff CityNone
100%
Charlton AthleticNone
100%
Coventry CityNone
100%
Derby CountyNone
100%
FulhamNone
100%
Hull CityNone
100%
Ipswich TownNone
100%
Leeds UnitedNone
100%
Leicester CityNone
100%
Manchester UnitedNone
100%
MiddlesbroughNone
100%
Nottingham ForestNone
100%
Oldham AthleticNone
100%
QPRNone
100%
Sheffield UnitedNone
100%
Sheffield WednesdayNone
100%
Swansea CityNone
100%
Other Club Player % Correct
Swindon TownNone
100%
West Bromwich AlbionNone
100%
Wigan AthleticNone
100%
WimbledonNone
100%
Huddersfield TownNone
100%
SunderlandJermain Defoe
96.6%
Stoke CityAsmir Begovic
95.9%
ArsenalJack Wilshere
94.5%
ChelseaNathan Ake, Asmir Begovic
87.6%
LiverpoolJordan Ibe, Brad Smith
84.1%
WatfordNathan Ake
69.7%
Bolton WanderersJack Wilshere
68.3%
EvertonSylvain Distin, Dan Gosling
68.3%
Newcastle UnitedSylvain Distin, Dan Gosling, Matt Ritchie
65.5%
Norwich CityLewis Grabban, Drew Surman
62.8%
PortsmouthSylvain Distin, Matt Ritchie, Asmir Begovic, Jermaine Defoe
58.6%
SouthamptonArtur Boruc
57.9%
Manchester CitySylvain Distin
55.9%
Tottenham HotspurAdam Smith, Jermain Defoe
48.3%
Crystal PalaceGlenn Murray
42.1%
Brighton and Hove AlbionGlenn Murray
40%
ReadingAdam Federici
37.9%
West Ham UnitedJunior Stanislas, Jermain Defoe
35.9%
Wolverhampton WanderersDrew Surman
32.4%

You're not logged in!

Compare scores with friends on all Sporcle quizzes.
Join for Free
OR
Log In

You Might Also Like...

Show Comments

Extras

Created Dec 30, 2016ReportNominate
Tags:bournemouth, club, player

Top Quizzes Today


Score Distribution

Your Account Isn't Verified!

In order to create a playlist on Sporcle, you need to verify the email address you used during registration. Go to your Sporcle Settings to finish the process.

Report this User

Report this user for behavior that violates our Community Guidelines.

Details: